Archie Giant Comics Collection /

Expand your Archie collection with the newest installment of our Giant series! This fun-packed, laugh-a-minute volume collects 480 pages of the wild humor and teenage tomfoolery that have made Archie comic stories popular for over 70 years!

Bibliographic Details
Corporate Author: Library Pass, LLC
Other Authors: Superstars, Archie (writer.)
Format: eBook
Language:English
Published: [United States] : Archie Comics, 2015.
Subjects:
Online Access:Connect to this electronic book (First time users create your free account)

MARC

Tag First Indicator Second Indicator Subfields
LEADER 00000nmm a22000001a 4500
001 in00004610321
006 m|||||o||m||||||||
007 cr|cn |||uuuuu
008 221118s2015 xxu||||do|||| ||||||eng d
005 20221207213418.2
035 |a (TxWaIVM)IV60752ArAr 
040 |a TxWaIVM  |c TxWaIVM 
245 0 0 |a Archie Giant Comics Collection /  |c powered by Library Pass. 
260 3 |a [United States] :  |b Archie Comics,  |c 2015. 
300 |a 1 online resource. 
336 |a text  |b txt  |2 rdacontent 
337 |a computer  |b c  |2 rdamedia 
338 |a online resource  |b cr  |2 rdacarrier 
520 |a Expand your Archie collection with the newest installment of our Giant series! This fun-packed, laugh-a-minute volume collects 480 pages of the wild humor and teenage tomfoolery that have made Archie comic stories popular for over 70 years! 
521 |a 2 
538 |a Requires a valid library card and registration for new users. 
538 |a Mode of access: World Wide Web. 
538 |a System requirements: Flash 10.1 or higher, Windows XP and higher, Internet Explorer 7 and higher, Firefox 3.6 and higher, Google Chrome; Max OS 10.5 and higher, Safari 4 and higher. 
650 0 |a Humor 
655 7 |a Electronic books.  |2 local 
655 7 |a Humor  |2 gsafd 
650 0 |a Romance comic books, strips, etc. 
655 7 |a Romance comic books, strips, etc.  |2 gsafd 
700 1 |a Superstars, Archie.  |e writer. 
700 1 |a Superstars, Archie.  |e artist. 
710 2 |a Library Pass, LLC. 
856 4 0 |u http://proxy.library.tamu.edu/login?url=https://tamu.librarypass.com/product/com.iversecomics.archie.comics.archie.giant.comics.collection.english.05292015  |z Connect to this electronic book (First time users create your free account)  |t 0 
955 |a Comics Plus. 
999 f f |s 799cf691-2ff7-46ac-b456-f321d1202117  |i ad65dae7-33e8-496e-a5b6-49250130b557  |t 0 
952 f f |a Texas A&M University  |b College Station  |c Electronic Resources  |d Available Online  |t 0  |h Library of Congress classification 
998 f f |t 0  |l Available Online